000 00894nam a2200253Ia 4500
003 OSt
005 20220926005427.0
006 a|||||r|||| 00| 0
007 ta
008 220923b |||||||| |||| 00| 0 eng d
037 _cGeneral Book
040 _aRTL
_cRTL
_beng
041 _2eng
_aeng
082 _aU672(J):(G:55).2.N9, N3
110 _aCentre For Inter-Disciplinary Studies Of Mountain And Hill Environment. South Campus
_9310288
245 0 _aCarrying capacity based developmental planning for National Capital Region
260 _a New Delhi
_bSouth Campus India
_c1993
300 _a92p.
_ccm.
500 _aPhase I-Reprot
650 _aAgricultural Geography
700 _aCentre For Inter-Disciplinary Studies Of Mountain And Hill Environment. South Campus
_9310289
942 _hU672(J):(G:55).2.N9, N3
_cGB
_2CC
999 _c613814
_d613814